000 00470nam a22001937a 4500
005 20260123132053.0
008 260123b |||||||| |||| 00| 0 eng d
020 _a9789354667695
_c795.00
040 _aMAIN
041 _aEnglish
082 _a660.6
_bCHA
100 _aChawla, H.S.
_926034
245 _aIntroduction Plant Biotechnology
250 _a4th
260 _aNew Delhi
_bCBS
_c2026
300 _a767
650 _aEnvironment Science
_9310
942 _cBK
999 _c60078
_d60078